Ein mongolischer zeitgenössischer Bericht über den Ölöteneinfall in Tibet und die Plünderung von Lhasa 1717

Elmentve itt :
Bibliográfiai részletek
Szerző: Heissig Walther
Dokumentumtípus: Cikk
Megjelent: Steiner Wiesbaden 1954
Sorozat:Zeitschrift der Deutschen Morgenländischen Gesellschaft
Kulcsszavak:Útleírás - mongol - 18. sz.
Tárgyszavak:
Online Access:http://misc.bibl.u-szeged.hu/62680
LEADER 00882nab a2200241 i 4500
001 misc62680
005 20221026091553.0
008 220413s1954 hu o 0|| ger d
040 |a SZTE Miscellanea Repozitórium  |b hun 
041 |a ger 
041 |a chi 
041 |a mon 
100 1 |a Heissig Walther 
245 1 0 |a Ein mongolischer zeitgenössischer Bericht über den Ölöteneinfall in Tibet und die Plünderung von Lhasa 1717  |h [elektronikus dokumentum] /  |c  Heissig Walther 
260 |a Steiner  |b Wiesbaden  |c 1954 
300 |a 391-411  |c 22 cm 
490 0 |a Zeitschrift der Deutschen Morgenländischen Gesellschaft 
561 |a Németh Gyula hagyaték 
591 |a NOA 2288 
650 4 |a Bölcsészettudományok 
650 4 |a Nyelvek és irodalom 
695 |a Útleírás - mongol - 18. sz. 
856 4 0 |u http://misc.bibl.u-szeged.hu/62680/1/2288_noa_h55.pdf  |z Dokumentum-elérés